[Event "Ambes op 2nd"]
[Site "Ambes"]
[Date "2009.04.19"]
[Round "9"]
[White "Borrat, Julien"]
[Black "Curely, Etienne"]
[Result "1-0"]
[WhiteElo "1752"]
[BlackElo "1757"]
[PlyCount "73"]
[EventDate "2009.04.11"]
[EventType "swiss"]
[EventRounds "9"]
[EventCountry "FRA"]
[SourceTitle "EXT 2012"]
[Source "ChessBase"]
[SourceDate "2011.11.24"]
[SourceVersion "1"]
[SourceVersionDate "2011.11.24"]
[SourceQuality "1"]

1. d4 d5 2. e4 c6 3. Nc3 e6 4. Be3 Nf6 5. e5 Nfd7 6. f4 c5 7. Nf3 Nc6 8. Bd3 cxd4 9. Nxd4 a6 10. 0-0 Nxd4 11. Bxd4 Bc5 12. Bf2 Bxf2+ 13. Rxf2 g6 14. Qf3 Qe7 15. Re1 Rb8 16. g4 b5 17. f5 Bb7 18. f6 Qd8 19. Qf4 Rg8 20. g5 Qc7 21. Qh4 Nf8 22. a4 Bc6 23. axb5 axb5 24. Ra1 b4 25. Ne2 Qxe5 26. Nd4 Bd7 27. Re2 Qc7 28. Nf3 Qb7 29. Qh6 Bb5 30. Ne5 Bxd3 31. cxd3 Ra8 32. Rxa8+ Qxa8 33. Qg7 Qa1+ 34. Kg2 Rxg7 35. fxg7 Qc1 36. Nf3 Qd1 37. Rd2 1-0

[Event "Ambes op 2nd"]
[Site "Ambes"]
[Date "2009.04.17"]
[Round "7"]
[White "Teyssier, Jean Paul"]
[Black "Borrat, Julien"]
[Result "0-1"]
[WhiteElo "1720"]
[BlackElo "1752"]
[PlyCount "44"]
[EventDate "2009.04.11"]
[EventType "swiss"]
[EventRounds "9"]
[EventCountry "FRA"]
[SourceTitle "EXT 2012"]
[Source "ChessBase"]
[SourceDate "2011.11.24"]
[SourceVersion "1"]
[SourceVersionDate "2011.11.24"]
[SourceQuality "1"]

1. e4 c5 2. Nf3 Nc6 3. c3 Qa5 4. Na3 e6 5. Nc4 Qc7 6. d4 cxd4 7. cxd4 d5 8. exd5 exd5 9. Qe2+ Be7 10. Ne3 Nf6 11. g3 0-0 12. a3 a5 13. Bg2 b6 14. Qb5 Ba6 15. Nxd5 Nxd5 16. Qxd5 Rad8 17. Qe4 Rfe8 18. Ne5 Nxe5 19. dxe5 Bb4+ 20. axb4 Rxe5 21. Qxe5 Qxe5+ 22. Be3 Qxb2 0-1